[Event "3rd Washington Chess Congress"]
[Site "Arlington, VA"]
[Date "2016.10.06"]
[Round "3"]
[White "McKinney, Christopher"]
[Black "Collier, Philip"]
[Result "0-1"]
[WhiteElo "1993"]
[BlackElo "1789"]
[PlyCount "77"]
[EventDate "2016.10.??"]
[EventType "swiss"]
[EventRounds "9"]
[EventCountry "USA"]

1. e4 e6 2. Nc3 d5 3. exd5 exd5 4. d4 Nf6 5. Bd3 Nc6 6. Nge2 Be7 7. O-O Bg4 8.
h3 Bh5 9. Be3 O-O 10. Qd2 Qd7 11. Ng3 Bg6 12. Bb5 a6 13. Ba4 Kh8 14. f4 b5 15.
Bb3 b4 16. Nce2 Ne4 17. Nxe4 Bxe4 18. f5 Bxf5 19. Ba4 Be4 20. Ng3 f5 21. c3
Rab8 22. Rac1 Rb6 23. Nxe4 fxe4 24. cxb4 Rxf1+ 25. Rxf1 Rxb4 26. Qf2 Bf6 27.
Qc2 Rc4 28. Qb3 h6 29. Rf4 Qd6 30. Bxc6 Qxc6 31. Qb8+ Kh7 32. Qc8 Bg5 33. Qf5+
Qg6 34. Qxd5 Bxf4 35. Bxf4 Rc2 36. g3 e3 37. g4 e2 38. Kf2 Rxb2 39. a4 0-1

[Event "3rd Washington Chess Congress"]
[Site "Arlington, VA"]
[Date "2016.10.06"]
[Round "3"]
[White "Prem, Pranav"]
[Black "Yagiz, Bora"]
[Result "1-0"]
[WhiteElo "1765"]
[BlackElo "1913"]
[PlyCount "59"]
[EventDate "2016.10.??"]
[EventType "swiss"]
[EventRounds "9"]
[EventCountry "USA"]

1. d4 d6 2. Nf3 f5 3. Bf4 Nf6 4. e3 g6 5. c4 Bg7 6. Nc3 O-O 7. h3 c5 8. Be2 Ne4
9. O-O cxd4 10. exd4 Nxc3 11. bxc3 Qa5 12. Qb3 Kh8 13. Rad1 e5 14. dxe5 dxe5
15. Rd5 Qa6 16. Nxe5 Nc6 17. Rd6 g5 18. Bd3 gxf4 19. c5 Bxe5 20. Bxa6 Bxd6 21.
cxd6 bxa6 22. c4 Be6 23. Qc3+ Kg8 24. c5 a5 25. Qf3 Bd7 26. Qxf4 Rfe8 27. Rd1
Re5 28. Rd3 Kf7 29. Qh6 Rxc5 30. Rg3 1-0

[Event "3rd Washington Chess Congress"]
[Site "Arlington, VA"]
[Date "2016.10.06"]
[Round "3"]
[White "Belous, Vladimir"]
[Black "Raznikov, Dani"]
[Result "1/2-1/2"]
[WhiteElo "2585"]
[BlackElo "2531"]
[PlyCount "26"]
[EventDate "2016.10.??"]
[EventType "swiss"]
[EventRounds "9"]
[EventCountry "USA"]

1. Nf3 d5 2. g3 Bg4 3. Bg2 Nd7 4. O-O e6 5. d3 Bd6 6. Nbd2 Ne7 7. c4 O-O 8. b3
a5 9. a3 c6 10. Bb2 Rb8 11. Rb1 e5 12. e4 d4 13. h3 Bh5 1/2-1/2

[Event "3rd Washington Chess Congress"]
[Site "Arlington, VA"]
[Date "2016.10.06"]
[Round "3"]
[White "Popilski, Gil"]
[Black "Drozdowski, Kacper"]
[Result "1/2-1/2"]
[WhiteElo "2564"]
[BlackElo "2507"]
[PlyCount "56"]
[EventDate "2016.10.??"]
[EventType "swiss"]
[EventRounds "9"]
[EventCountry "USA"]

1. Nf3 Nf6 2. b3 c5 3. c4 g6 4. Bb2 Bg7 5. g3 O-O 6. Bg2 d5 7. cxd5 Nxd5 8.
Bxg7 Kxg7 9. O-O Nf6 10. d4 cxd4 11. Qxd4 Nc6 12. Qxd8 Rxd8 13. Nc3 Bg4 14. h3
Bxf3 15. Bxf3 Rac8 16. Ne4 Nd4 17. Nxf6 Nxf3+ 18. exf3 Kxf6 19. Rfd1 b6 20. f4
Rxd1+ 21. Rxd1 Rc2 22. a4 Rc3 23. Rd7 a6 24. b4 Rc4 25. Ra7 Rxb4 26. Rxa6 e6
27. a5 bxa5 28. Rxa5 h5 1/2-1/2

[Event "3rd Washington Chess Congress"]
[Site "Arlington, VA"]
[Date "2016.10.07"]
[Round "4"]
[White "Wegerle, Joerg"]
[Black "Wang, Wesley"]
[Result "1-0"]
[WhiteElo "2442"]
[BlackElo "2076"]
[PlyCount "73"]
[EventDate "2016.10.??"]
[EventType "swiss"]
[EventRounds "9"]
[EventCountry "USA"]

1. c4 c5 2. Nc3 Nc6 3. g3 g6 4. Bg2 Bg7 5. a3 a5 6. Nf3 e6 7. d3 Nge7 8. h4 h5
9. Bg5 d5 10. Qc1 b6 11. O-O Bb7 12. cxd5 exd5 13. e4 dxe4 14. dxe4 O-O 15. Rd1
Nd4 16. Nxd4 cxd4 17. Nd5 Bxd5 18. exd5 Rc8 19. Qf4 Qd7 20. d6 Nf5 21. Bh3 Rc5
22. b4 Rd5 23. Be7 Rc8 24. Rac1 d3 25. Bxf5 Rxf5 26. Rxc8+ Qxc8 27. Qe3 Qc2 28.
Rd2 Qc1+ 29. Kg2 Qc6+ 30. Kh2 Re5 31. Qxd3 Re1 32. Qd5 Qd7 33. b5 Rc1 34. a4
Kh7 35. Qxf7 Ra1 36. Qd5 Rc1 37. Re2 1-0

[Event "3rd Washington Chess Congress"]
[Site "Arlington, VA"]
[Date "2016.10.07"]
[Round "4"]
[White "Raznikov, Dani"]
[Black "Stukopin, Andrey"]
[Result "1/2-1/2"]
[WhiteElo "2531"]
[BlackElo "2596"]
[PlyCount "42"]
[EventDate "2016.10.??"]
[EventType "swiss"]
[EventRounds "9"]
[EventCountry "USA"]

1. d4 d5 2. c4 dxc4 3. Nf3 Nf6 4. e3 e6 5. Bxc4 a6 6. O-O c5 7. dxc5 Qxd1 8.
Rxd1 Bxc5 9. Nbd2 O-O 10. Be2 Rd8 11. Nb3 Rxd1+ 12. Bxd1 Be7 13. Bd2 Nc6 14.
Rc1 Ne4 15. Be1 Bd7 16. Nfd2 Nxd2 17. Bxd2 Rc8 18. Nc5 Be8 19. Be2 Nd8 20. Nd3
Rxc1+ 21. Nxc1 f6 1/2-1/2

[Event "3rd Washington Chess Congress"]
[Site "Arlington, VA"]
[Date "2016.10.07"]
[Round "4"]
[White "Drozdowski, Kacper"]
[Black "Belous, Vladimir"]
[Result "0-1"]
[WhiteElo "2507"]
[BlackElo "2585"]
[PlyCount "68"]
[EventDate "2016.10.??"]
[EventType "swiss"]
[EventRounds "9"]
[EventCountry "USA"]

1. e4 c5 2. Nf3 Nc6 3. Nc3 g6 4. d4 cxd4 5. Nxd4 Bg7 6. Be3 Nf6 7. Bc4 O-O 8.
Bb3 a5 9. f3 d5 10. exd5 Nb4 11. Nde2 a4 12. Nxa4 Nfxd5 13. Bd4 Bf5 14. Bxg7
Bxc2 15. Bxc2 Ne3 16. Qxd8 Nexc2+ 17. Kf2 Rfxd8 18. Nb6 Ra6 19. Bc3 Nd3+ 20.
Kg3 Nxa1 21. Rxa1 Rxb6 22. Ba5 Rxb2 23. Bxd8 Rxe2 24. Rd1 Nb4 25. Rb1 Nc6 26.
Bc7 Rxa2 27. Rxb7 f6 28. h4 Re2 29. Bf4 Nd4 30. Kh3 Re1 31. Kh2 Re2 32. Kh3 Kf7
33. Rb4 Nf5 34. g4 Ng7 0-1

[Event "3rd Washington Chess Congress"]
[Site "Arlington, VA"]
[Date "2016.10.07"]
[Round "4"]
[White "Sadorra, Julio"]
[Black "Popilski, Gil"]
[Result "1/2-1/2"]
[WhiteElo "2573"]
[BlackElo "2564"]
[PlyCount "80"]
[EventDate "2016.10.??"]
[EventType "swiss"]
[EventRounds "9"]
[EventCountry "USA"]

1. d4 Nf6 2. c4 g6 3. Nc3 d5 4. cxd5 Nxd5 5. e4 Nxc3 6. bxc3 Bg7 7. Bg5 c5 8.
Rc1 O-O 9. Nf3 Bg4 10. d5 Qd6 11. Be2 Nd7 12. c4 e6 13. O-O Rfe8 14. Re1 exd5
15. exd5 Ne5 16. Nxe5 Qxe5 17. Be3 Bxe2 18. Qxe2 Bh6 19. Qd2 Bxe3 20. Rxe3 Qd6
21. Rce1 Rxe3 22. Rxe3 a6 23. h4 h5 24. Qa5 Rb8 25. Qe1 b5 26. cxb5 axb5 27.
Re8+ Rxe8 28. Qxe8+ Kg7 29. Qc6 Qe7 30. Qxb5 Qe1+ 31. Qf1 Qd2 32. Qc4 Qe1+ 33.
Qf1 Qd2 34. Qc4 Qe1+ 35. Kh2 Qxf2 36. a4 Qe3 37. a5 Qe5+ 38. Kh3 Qe3+ 39. Kh2
Qe5+ 40. Kh3 Qe3+ 1/2-1/2

[Event "3rd Washington Chess Congress"]
[Site "Arlington, VA"]
[Date "2016.10.07"]
[Round "4"]
[White "Li, Ruifeng"]
[Black "Berczes, David"]
[Result "1/2-1/2"]
[WhiteElo "2538"]
[BlackElo "2478"]
[PlyCount "192"]
[EventDate "2016.10.??"]
[EventType "swiss"]
[EventRounds "9"]
[EventCountry "USA"]

1. e4 e5 2. Nf3 Nc6 3. Bc4 Bc5 4. c3 Nf6 5. d3 O-O 6. Nbd2 a5 7. a4 d6 8. h3
Ne7 9. Nf1 c6 10. Bb3 Be6 11. Bxe6 fxe6 12. Ng3 Ng6 13. O-O d5 14. d4 Ba7 15.
exd5 cxd5 16. Nxe5 Nxe5 17. dxe5 Nd7 18. Qg4 Qe8 19. Nh5 Qg6 20. Qxg6 hxg6 21.
Nf4 Rf5 22. Nxe6 Rxe5 23. Nf4 Rae8 24. Bd2 Kf7 25. Rfe1 Rxe1+ 26. Bxe1 Nc5 27.
Nxd5 Re4 28. b4 axb4 29. Nxb4 Nxa4 30. Nd3 Bb8 31. Kf1 Rc4 32. Rb1 b6 33. Rb3
Bd6 34. Ke2 Re4+ 35. Kd2 Re6 36. f3 Nc5 37. Rb1 Nxd3 38. Kxd3 Bc5 39. Bd2 Rd6+
40. Kc2 Rd7 41. Re1 Ra7 42. Kb3 Be7 43. Be3 Rd7 44. Ra1 b5 45. Ra7 Rxa7 46.
Bxa7 g5 47. Be3 Ke6 48. Bc1 Kd5 49. Ba3 Bf6 50. Bf8 Kc6 51. Kb4 Kd5 52. Kb3 Kc6
53. Kc2 Kd5 54. Kd3 Ke6 55. Bc5 Kd5 56. Be3 g6 57. Bb6 Be7 58. Bf2 Bf6 59. Be3
Be7 60. Bc1 Bf6 61. Ba3 Bd8 62. Bf8 Bf6 63. Bh6 Bd8 64. Bg7 Be7 65. Bd4 Bd8 66.
Be3 Bf6 67. f4 gxf4 68. Bxf4 Be7 69. Be3 Bf6 70. g3 g5 71. Bd2 Be7 72. Be1 Ke5
73. Ke3 Bf6 74. Bf2 Kd5 75. Kd3 Bd8 76. Bd4 Be7 77. Bb6 Bf6 78. Ba5 Be7 79. Bb4
Bf6 80. Ba3 Bd8 81. Bc1 Bf6 82. Be3 Be7 83. Bd2 Bf6 84. Be1 Ke5 85. Ke3 Be7 86.
Kf3 Kf5 87. Ke2 Ke4 88. h4 gxh4 89. gxh4 Kf5 90. Kf3 Bf6 91. Kg3 Be5+ 92. Kh3
Bf4 93. Bf2 Be5 94. Be1 Bf4 95. Kg2 Kg4 96. Kf1 Be5 1/2-1/2

[Event "3rd Washington Chess Congress"]
[Site "Arlington, VA"]
[Date "2016.10.07"]
[Round "4"]
[White "Kadric, Denis"]
[Black "Brodsky, David"]
[Result "0-1"]
[WhiteElo "2594"]
[BlackElo "2277"]
[PlyCount "118"]
[EventDate "2016.10.??"]
[EventType "swiss"]
[EventRounds "9"]
[EventCountry "USA"]

1. e4 c6 2. Be2 d5 3. e5 c5 4. f4 Nc6 5. Nf3 Bf5 6. O-O e6 7. d3 h5 8. c3 Nh6
9. Na3 Bg6 10. Nc2 Nf5 11. Ne3 d4 12. Nxf5 Bxf5 13. c4 Be7 14. Ne1 h4 15. Bf3
Qc7 16. Qe2 O-O-O 17. Nc2 g5 18. Kh1 Rdg8 19. h3 Rg7 20. b4 Rhg8 21. b5 Nb8 22.
Be4 g4 23. Bxf5 exf5 24. Bd2 Qb6 25. hxg4 Rxg4 26. Rf3 Qg6 27. Rg1 Rg3 28. Be1
Qh6 29. Kh2 R8g4 30. Bd2 Nd7 31. Ne1 Nf8 32. Rh1 Ne6 33. Rxg3 hxg3+ 34. Kg1 Rh4
35. Rxh4 Qxh4 36. Qf3 Bf8 37. Qd5 Nxf4 38. Nf3 Nxd5 39. Nxh4 Ne3 40. Bxe3 dxe3
41. Kf1 f4 42. Ke2 Bg7 43. Nf3 Kd7 44. d4 cxd4 45. Kd3 f6 46. e6+ Kxe6 47.
Nxd4+ Kd6 48. Ne2 Bh6 49. Kd4 b6 50. a4 f5 51. a5 Bg7+ 52. Kd3 Be5 53. axb6
axb6 54. Ng1 Kc5 55. Nf3 Bf6 56. Ng1 Kb4 57. Ne2 Be5 58. Ng1 Kb3 59. Nf3 Bf6
0-1

[Event "3rd Washington Chess Congress"]
[Site "Arlington, VA"]
[Date "2016.10.07"]
[Round "4"]
[White "Raghuram Rao, Prasanna"]
[Black "Jaquez, Juan"]
[Result "1-0"]
[WhiteElo "2466"]
[BlackElo "2188"]
[PlyCount "69"]
[EventDate "2016.10.??"]
[EventType "swiss"]
[EventRounds "9"]
[EventCountry "USA"]

1. d4 Nf6 2. c4 e6 3. Nf3 b6 4. a3 Bb7 5. Nc3 c5 6. d5 exd5 7. cxd5 d6 8. e4 a6
9. Bd3 g6 10. Bg5 Bg7 11. Qd2 h6 12. Bf4 g5 13. Bg3 Nh5 14. Nd1 b5 15. Rb1 Nxg3
16. hxg3 Bc8 17. Ne3 Ra7 18. b4 c4 19. Bc2 Qf6 20. O-O O-O 21. Nh2 Qc3 22. Qc1
Bd7 23. Nhg4 a5 24. e5 axb4 25. axb4 Qa3 26. Qd2 Bxg4 27. Nxg4 dxe5 28. Ne3 Rd8
29. Qe2 Nd7 30. Rfd1 Qa6 31. Nf5 Qf6 32. Qe4 Nf8 33. Qe3 Ra2 34. Be4 Ng6 35. d6
1-0

[Event "3rd Washington Chess Congress"]
[Site "Arlington, VA"]
[Date "2016.10.07"]
[Round "4"]
[White "Kaufman, Larry C"]
[Black "Balakrishnan, Praveen"]
[Result "1/2-1/2"]
[WhiteElo "2285"]
[BlackElo "2458"]
[PlyCount "95"]
[EventDate "2016.10.??"]
[EventType "swiss"]
[EventRounds "9"]
[EventCountry "USA"]

1. e4 c5 2. Nf3 d6 3. d4 cxd4 4. Qxd4 Nc6 5. Bb5 Bd7 6. Qd3 g6 7. O-O Bg7 8. c4
a6 9. Bxc6 Bxc6 10. Nc3 Nf6 11. Nd4 Nd7 12. Be3 O-O 13. f3 Rc8 14. Rac1 Ne5 15.
Qe2 Bd7 16. b3 Nc6 17. Qf2 f5 18. exf5 gxf5 19. f4 Rf6 20. Nd5 Rg6 21. Nf3 e6
22. Nb6 Rc7 23. Rcd1 Be8 24. Qd2 Bf8 25. b4 Rcg7 26. Rf2 Qc7 27. b5 Nb8 28. Bd4
Re7 29. a4 Nd7 30. Nxd7 Rxd7 31. Qe2 Bg7 32. Nh4 Bxd4 33. Rxd4 Rf6 34. Rd3 Rg7
35. Re3 Bf7 36. Nf3 h6 37. h3 Qc5 38. Kh1 Kh7 39. Qd3 axb5 40. axb5 Kh8 41. Qc3
Bh5 42. Qxf6 Qxe3 43. Qxh6+ Kg8 44. Qxh5 Qxf2 45. Qe8+ Kh7 46. Qh5+ Kg8 47.
Qe8+ Kh7 48. Qh5+ 1/2-1/2

[Event "3rd Washington Chess Congress"]
[Site "Arlington, VA"]
[Date "2016.10.07"]
[Round "4"]
[White "Yu, Jennifer"]
[Black "Mulyar, Michael"]
[Result "1-0"]
[WhiteElo "2209"]
[BlackElo "2406"]
[PlyCount "40"]
[EventDate "2016.10.??"]
[EventType "swiss"]
[EventRounds "9"]
[EventCountry "USA"]

1. c4 e5 2. Nc3 Nc6 3. g3 g6 4. Bg2 Bg7 5. e3 f5 6. d3 Nf6 7. Nge2 O-O 8. O-O
d6 9. Rb1 a5 10. a3 Ne7 11. f4 c6 12. b4 axb4 13. axb4 Be6 14. b5 Nd7 15. bxc6
bxc6 16. e4 Nc5 17. Be3 fxe4 18. Nxe4 Nxe4 19. Bxe4 d5 20. cxd5 Nxd5 1-0

[Event "3rd Washington Chess Congress"]
[Site "Arlington, VA"]
[Date "2016.10.07"]
[Round "4"]
[White "Jacobson, Brandon"]
[Black "Zhang, Yuanchen"]
[Result "1/2-1/2"]
[WhiteElo "2198"]
[BlackElo "2289"]
[PlyCount "116"]
[EventDate "2016.10.??"]
[EventType "swiss"]
[EventRounds "9"]
[EventCountry "USA"]

1. e4 e5 2. Nf3 Nc6 3. Bb5 a6 4. Ba4 Nf6 5. d3 d6 6. c3 g6 7. Bg5 Bg7 8. Nbd2
O-O 9. Nf1 b5 10. Bb3 h6 11. Bh4 Na5 12. Bc2 c5 13. Ne3 Nc6 14. Bb3 Be6 15. h3
Qd7 16. Bxf6 Bxf6 17. Qd2 Bg7 18. h4 Ne7 19. h5 d5 20. exd5 Nxd5 21. hxg6 fxg6
22. Nxd5 Bxd5 23. Qe3 Bxb3 24. axb3 Rfd8 25. O-O-O Qe6 26. Qe4 a5 27. Nh4 a4
28. bxa4 g5 29. Nf5 Rxa4 30. Nxg7 Kxg7 31. Qb7+ Qd7 32. Qb6 Ra1+ 33. Kc2 Rxd1
34. Qxh6+ Kf7 35. Qh5+ Kf8 36. Rxd1 Qf5 37. Qh8+ Kf7 38. Qg7+ Ke6 39. Qh6+ Ke7
40. Qg7+ Ke6 41. Qc7 Qxf2+ 42. Rd2 Qf8 43. Qc6+ Qd6 44. Qxb5 Rf8 45. Qc4+ Ke7
46. Re2 Rf4 47. Qg8 Rf5 48. g4 Rf3 49. Qxg5+ Kd7 50. Qd2 Qa6 51. Rxe5 Qa4+ 52.
Kb1 Qxg4 53. Qe2 Qg1+ 54. Ka2 Qg8+ 55. b3 Qf7 56. Re7+ Qxe7 57. Qxf3 Qe5 58.
Qg4+ Kc7 1/2-1/2

[Event "3rd Washington Chess Congress"]
[Site "Arlington, VA"]
[Date "2016.10.07"]
[Round "4"]
[White "Srinivas, Vivek"]
[Black "Huang, Andy"]
[Result "0-1"]
[WhiteElo "1916"]
[BlackElo "2152"]
[PlyCount "78"]
[EventDate "2016.10.??"]
[EventType "swiss"]
[EventRounds "9"]
[EventCountry "USA"]

1. e4 c5 2. Nc3 Nc6 3. g3 g6 4. Bg2 Bg7 5. d3 d6 6. f4 e6 7. Nf3 Nge7 8. O-O
O-O 9. Be3 Nd4 10. e5 Nec6 11. exd6 Rb8 12. Ne4 b6 13. c3 Nf5 14. Bf2 Nxd6 15.
Nxd6 Qxd6 16. Qc2 Bb7 17. Rad1 Rbc8 18. d4 c4 19. Ne5 Na5 20. Bxb7 Nxb7 21. Qa4
Na5 22. b3 cxb3 23. axb3 Rxc3 24. Be1 Rc7 25. Bb4 Qd5 26. Bxf8 Bxf8 27. b4 Nc4
28. Nxc4 Qxc4 29. Rf2 Bxb4 30. Qe8+ Kg7 31. Qa8 Bc3 32. Qe4 Rd7 33. Qe5+ f6 34.
Qe2 Qxe2 35. Rxe2 Kf7 36. Kg2 b5 37. Kf3 a5 38. Ke4 b4 39. d5 f5+ 0-1

[Event "3rd Washington Chess Congress"]
[Site "Arlington, VA"]
[Date "2016.10.07"]
[Round "4"]
[White "Bouzoukis, Charles"]
[Black "Caluza, Severo"]
[Result "1-0"]
[WhiteElo "2098"]
[BlackElo "1773"]
[PlyCount "67"]
[EventDate "2016.10.??"]
[EventType "swiss"]
[EventRounds "9"]
[EventCountry "USA"]

1. e4 c6 2. Nc3 g6 3. d4 d6 4. f4 Nf6 5. Nf3 Bg7 6. Be2 O-O 7. O-O b5 8. a3 a6
9. h3 e6 10. Be3 Nbd7 11. Qe1 Re8 12. Qf2 Bb7 13. Rad1 Qc7 14. e5 Nd5 15. Ne4
Nxe3 16. Qxe3 dxe5 17. dxe5 Red8 18. Nd6 Nb6 19. Ng5 Nd5 20. Qf2 Rxd6 21. exd6
Qxd6 22. Ne4 Qc7 23. b3 Nc3 24. Nxc3 Bxc3 25. Qc5 Bf6 26. Kh1 Re8 27. a4 Be7
28. Qe5 Qb6 29. Rd7 Bc8 30. Rd2 Bc5 31. Rfd1 Bf8 32. Bf3 Bg7 33. Qe4 f5 34.
Qxc6 1-0

[Event "3rd Washington Chess Congress"]
[Site "Arlington, VA"]
[Date "2016.10.07"]
[Round "4"]
[White "De Fotis, Gary"]
[Black "Gorti, Akshita"]
[Result "0-1"]
[WhiteElo "1959"]
[BlackElo "2182"]
[PlyCount "76"]
[EventDate "2016.10.??"]
[EventType "swiss"]
[EventRounds "9"]
[EventCountry "USA"]

1. d4 e6 2. c4 Nf6 3. Nc3 Bb4 4. e3 O-O 5. Bd3 d5 6. Nf3 c5 7. O-O dxc4 8. Bxc4
Nbd7 9. a3 Bxc3 10. bxc3 b6 11. Bd3 Bb7 12. c4 Ne4 13. Bb2 f5 14. Qe2 Qe7 15.
Rfd1 Rad8 16. a4 a5 17. Rab1 Rf6 18. dxc5 Rg6 19. cxb6 Rxg2+ 20. Kxg2 Ng5 21.
Kf1 Bxf3 22. Qc2 Nh3 23. Bxf5 exf5 24. Qxf5 Bxd1 25. Rxd1 Nxf2 26. Qd5+ Kh8 27.
Kxf2 Rf8+ 28. Ke2 Nxb6 29. Qe5 Qb7 30. Rg1 Rg8 31. Qb5 Qe4 32. Qxb6 Qc2+ 33.
Kf3 Rf8+ 34. Kg4 h5+ 35. Kxh5 Qxh2+ 36. Kg6 Qxg1+ 37. Kh5 Rf5+ 38. Kh4 Qg5+ 0-1

[Event "3rd Washington Chess Congress"]
[Site "Arlington, VA"]
[Date "2016.10.07"]
[Round "4"]
[White "Jian, Alex"]
[Black "Guo, Arthur"]
[Result "1-0"]
[WhiteElo "2037"]
[BlackElo "2168"]
[PlyCount "91"]
[EventDate "2016.10.??"]
[EventType "swiss"]
[EventRounds "9"]
[EventCountry "USA"]

1. d4 Nf6 2. c4 g6 3. Nc3 Bg7 4. e4 d6 5. Nf3 O-O 6. Be2 e5 7. d5 a5 8. Be3 Ng4
9. Bg5 f6 10. Bh4 Na6 11. O-O Bd7 12. h3 Nh6 13. Nd2 Qe8 14. f3 f5 15. b3 f4
16. a3 g5 17. Bf2 Qg6 18. b4 Nf7 19. c5 h5 20. Nc4 dxc5 21. b5 Nb8 22. d6 Be6
23. dxc7 Nd7 24. Nd5 Bf6 25. Ncb6 Nxb6 26. Nxb6 Rae8 27. Nd7 Bxd7 28. Qxd7 b6
29. Bc4 Kh8 30. Be6 Qg8 31. Qc6 Be7 32. Rad1 g4 33. fxg4 hxg4 34. hxg4 Bg5 35.
Rd7 Rc8 36. Qb7 f3 37. Rxf7 fxg2 38. Kxg2 Rxf7 39. Bxf7 Qf8 40. Be6 Re8 41.
Rh1+ Bh6 42. c8=Q Rxc8 43. Qxc8 Qxc8 44. Bxc8 Kg7 45. Rxh6 Kxh6 46. Bg3 1-0

[Event "3rd Washington Chess Congress"]
[Site "Arlington, VA"]
[Date "2016.10.07"]
[Round "4"]
[White "Heidari, Ako"]
[Black "Bennett, David"]
[Result "0-1"]
[WhiteElo "1799"]
[BlackElo "2085"]
[PlyCount "82"]
[EventDate "2016.10.??"]
[EventType "swiss"]
[EventRounds "9"]
[EventCountry "USA"]

1. c4 c5 2. Nc3 Nc6 3. g3 g6 4. Bg2 Bg7 5. a3 d6 6. Rb1 a5 7. Nf3 e5 8. O-O
Nge7 9. d3 O-O 10. Ne1 Be6 11. Nd5 Rb8 12. Nc2 b5 13. Nce3 Qd7 14. Bd2 Qa7 15.
Qe1 a4 16. Nc3 Nd4 17. Ned5 bxc4 18. dxc4 Nxd5 19. Bxd5 Qa6 20. Qd1 Bxd5 21.
cxd5 e4 22. Re1 Rb3 23. Nxe4 Rfb8 24. Bc3 Re8 25. e3 Rxe4 26. exd4 Rxe1+ 27.
Qxe1 Qb5 28. Rc1 c4 29. Qe4 h5 30. Re1 Kh7 31. Qf3 Qb7 32. Re8 Rb5 33. Qe2 Qxd5
34. Rc8 Bxd4 35. Qe8 Bxc3 36. Rc7 Bg7 37. Rxf7 Qe5 38. Qd7 Rxb2 39. Re7 Rb1+
40. Kg2 Qd5+ 41. f3 Rb2+ 0-1

[Event "3rd Washington Chess Congress"]
[Site "Arlington, VA"]
[Date "2016.10.07"]
[Round "4"]
[White "Aiken, Richard"]
[Black "Lowinger, Daniel"]
[Result "0-1"]
[WhiteElo "1974"]
[BlackElo "2115"]
[PlyCount "56"]
[EventDate "2016.10.??"]
[EventType "swiss"]
[EventRounds "9"]
[EventCountry "USA"]

1. Nf3 Nf6 2. c4 g6 3. Nc3 Bg7 4. g3 d5 5. cxd5 Nxd5 6. Bg2 O-O 7. O-O Nc6 8.
d4 Nb6 9. e3 e5 10. Nxe5 Nxe5 11. dxe5 Bxe5 12. e4 Be6 13. Qc2 c6 14. Rd1 Qf6
15. h4 Bg4 16. Rd3 Qe6 17. Be3 f5 18. Re1 f4 19. Bd4 fxg3 20. fxg3 Bxd4+ 21.
Rxd4 Qe5 22. Rd3 Qc5+ 23. Kh1 Rf2 24. Qb3+ Qc4 25. Nd1 Qxb3 26. Rxb3 Rf7 27.
Ne3 Be6 28. Kg1 Rd7 0-1

[Event "3rd Washington Chess Congress"]
[Site "Arlington, VA"]
[Date "2016.10.07"]
[Round "4"]
[White "Ulrich, Rachel"]
[Black "Altman, Joshua"]
[Result "1-0"]
[WhiteElo "2114"]
[BlackElo "1735"]
[PlyCount "68"]
[EventDate "2016.10.??"]
[EventType "swiss"]
[EventRounds "9"]
[EventCountry "USA"]

1. e4 e6 2. d4 d5 3. Nc3 Nf6 4. e5 Nfd7 5. f4 c5 6. Nf3 Nc6 7. Be3 a6 8. Qd2 b5
9. dxc5 Nxc5 10. Qf2 Nd7 11. Bd3 Be7 12. O-O O-O 13. Ne2 Qc7 14. Ned4 Nxd4 15.
Bxd4 f5 16. exf6 Bxf6 17. Qe3 Re8 18. Bxf6 Nxf6 19. Rae1 Bd7 20. Ne5 Rad8 21.
Rf3 Bc8 22. Rh3 Bb7 23. Qg3 Ne4 24. Bxe4 dxe4 25. Qh4 h6 26. Rg3 Kh8 27. Qh5
Rc8 28. Nf7+ Kg8 29. Nxh6+ Kf8 30. Ng4 Qc5+ 31. Qxc5+ Rxc5 32. c3 Rd8 33. Re2
Rcd5 34. Kf2 Ke7 1-0

[Event "3rd Washington Chess Congress"]
[Site "Arlington, VA"]
[Date "2016.10.07"]
[Round "4"]
[White "Harper, Ryan"]
[Black "Prem, Pranav"]
[Result "1-0"]
[WhiteElo "2207"]
[BlackElo "1765"]
[PlyCount "64"]
[EventDate "2016.10.??"]
[EventType "swiss"]
[EventRounds "9"]
[EventCountry "USA"]

1. e4 e6 2. d4 d5 3. Nc3 Nf6 4. Bg5 Be7 5. e5 Nfd7 6. h4 h6 7. Bxe7 Qxe7 8. Qg4
f5 9. Qg3 a6 10. Nge2 Nf8 11. Nf4 Qf7 12. Be2 g6 13. Bf3 Nc6 14. O-O-O Ne7 15.
Be2 Bd7 16. Qe3 Bc6 17. g3 O-O-O 18. Nd3 Nd7 19. Nb4 Nb8 20. Nxc6 Nexc6 21. Na4
Nd7 22. Qc3 Ncb8 23. b4 b6 24. Rd3 Kb7 25. Qa3 b5 26. Nc5+ Nxc5 27. bxc5 c6 28.
Qb4 Rh7 29. Re3 Qd7 30. Kb1 Kc8 31. Qd2 h5 32. Ka1 Qe7 1-0

[Event "3rd Washington Chess Congress"]
[Site "Arlington, VA"]
[Date "2016.10.07"]
[Round "4"]
[White "Balkhamishvili, Tamara"]
[Black "McKinney, Christopher"]
[Result "1/2-1/2"]
[WhiteElo "2058"]
[BlackElo "1993"]
[PlyCount "37"]
[EventDate "2016.10.??"]
[EventType "swiss"]
[EventRounds "9"]
[EventCountry "USA"]

1. e4 c6 2. d4 d5 3. exd5 cxd5 4. c4 Nf6 5. Nc3 e6 6. Nf3 Nc6 7. a3 Be7 8. Bd3
O-O 9. O-O dxc4 10. Bxc4 b6 11. Qd3 Bb7 12. Rd1 Rc8 13. Ba2 Nb8 14. Bg5 Nbd7
15. Rac1 Nd5 16. Bb1 f5 17. Bxe7 Qxe7 18. Re1 Nxc3 19. Rxc3 1/2-1/2

[Event "3rd Washington Chess Congress"]
[Site "Arlington, VA"]
[Date "2016.10.08"]
[Round "5"]
[White "Bennett, David"]
[Black "Kadric, Denis"]
[Result "0-1"]
[WhiteElo "2085"]
[BlackElo "2594"]
[PlyCount "72"]
[EventDate "2016.10.??"]
[EventType "swiss"]
[EventRounds "9"]
[EventCountry "USA"]

1. c4 d6 2. g3 g6 3. Bg2 Bg7 4. Nc3 e5 5. e3 f5 6. Nge2 Nf6 7. d3 O-O 8. O-O
Nc6 9. Rb1 Ne7 10. f4 h6 11. b4 g5 12. b5 Ng6 13. Nd5 Nxd5 14. Bxd5+ Kh8 15.
Bd2 Qe8 16. Bg2 Rb8 17. Re1 Qf7 18. Qa4 Ra8 19. Qc2 Bf6 20. Rf1 Kh7 21. a4 Rb8
22. Rbe1 Bd7 23. c5 Be6 24. cxd6 cxd6 25. Bb4 Rfd8 26. Qd2 Rd7 27. Rc1 exf4 28.
exf4 gxf4 29. d4 Bd5 30. Bh3 f3 31. Nc3 Bg5 32. Qd3 Bxc1 33. Nxd5 Qxd5 34. Bxf5
Be3+ 35. Kh1 Rg7 36. Be4 Qxd4 0-1

[Event "3rd Washington Chess Congress"]
[Site "Arlington, VA"]
[Date "2016.10.08"]
[Round "5"]
[White "Fellman, Mike"]
[Black "Srinivas, Vivek"]
[Result "1-0"]
[WhiteElo "2031"]
[BlackElo "1916"]
[PlyCount "77"]
[EventDate "2016.10.??"]
[EventType "swiss"]
[EventRounds "9"]
[EventCountry "USA"]

1. d4 d5 2. c4 e6 3. Nc3 Nf6 4. cxd5 exd5 5. Bg5 c6 6. e3 Be7 7. Qc2 O-O 8. Bd3
h6 9. Bh4 Be6 10. Nge2 Nbd7 11. O-O Rc8 12. Rad1 Nb6 13. Qb1 Nc4 14. Nf4 Bg4
15. Nfe2 Bxe2 16. Bxe2 Nd6 17. f3 Qd7 18. Bf2 Rfe8 19. Bd3 Nh5 20. Kh1 Bg5 21.
g4 Nf6 22. f4 Bxf4 23. exf4 Qxg4 24. Qc2 Qf3+ 25. Kg1 Qh3 26. Bg3 Ng4 27. f5
Ne3 28. Qf2 Nxd1 29. Rxd1 Ne4 30. Nxe4 dxe4 31. Be2 e3 32. Qf4 h5 33. Qg5 f6
34. Qxh5 Qxh5 35. Bxh5 Re7 36. Kf1 b6 37. Ke2 Rd8 38. Bf3 Red7 39. Kxe3 1-0

[Event "3rd Washington Chess Congress"]
[Site "Arlington, VA"]
[Date "2016.10.08"]
[Round "5"]
[White "Wang, Wesley"]
[Black "Opaska, Michael"]
[Result "1-0"]
[WhiteElo "2076"]
[BlackElo "2002"]
[PlyCount "51"]
[EventDate "2016.10.??"]
[EventType "swiss"]
[EventRounds "9"]
[EventCountry "USA"]

1. e4 c5 2. Nf3 d6 3. d4 cxd4 4. Nxd4 Nf6 5. Nc3 a6 6. f4 Qc7 7. a4 Nbd7 8. Bd3
e6 9. Qf3 Be7 10. Be3 b6 11. g4 Nc5 12. g5 Nfd7 13. O-O Bb7 14. Rac1 Rc8 15. b4
Nxd3 16. cxd3 Qb8 17. Qh3 O-O 18. f5 Ne5 19. fxe6 g6 20. exf7+ Rxf7 21. Rxf7
Nxf7 22. Qe6 Bf8 23. Rf1 Rc7 24. Nd5 Bc8 25. Qe8 Rb7 26. Ne6 1-0